000
00320nam a2200133Ia 4500
008
210210b1984 xxu||||| |||| 00| 0 eng d
082
_a
378.04 FIVP
100
_a
-
245
_a
Five years of Autonomy.
260
_a
Madras.
_b
Loyola College.,
_c
1984
300
_a
ii,222
690
_a
Higher Education
906
_a
037145
999
_c
87542
_d
87542